| 000 | 00710cam a2200229 a 4500 | ||
|---|---|---|---|
| 001 | 000007942 | ||
| 005 | 20200929154348.0 | ||
| 008 | 940121s1991 sp 000 j spa d | ||
| 020 | _a842060545X | ||
| 040 |
_aDO-SdBNP _cWU _dPPiU _dDLC |
||
| 082 |
_a863.44 _bF812c |
||
| 100 | 1 |
_aFraile, Medardo, _d1925- _915056 |
|
| 245 | 1 | 0 |
_aCuentos completos / _cMedardo Fraile. |
| 260 |
_aMadrid : _bAlianza Editorial, _cc1991. |
||
| 300 |
_a425 p. ; _c18 cm. |
||
| 490 | 1 | _aEl Libro de bolsillo | |
| 490 | 1 |
_aLiteratura _vno. 1545 |
|
| 650 | 4 |
_aCuentos españoles _93194 |
|
| 650 | 4 |
_aLiteratura española _9632 |
|
| 830 | 3 |
_aEl libro de bolsillo, _pLiteratura ; _vno. 1545 _98060 |
|
| 910 | _aCatalogación por copia / LC | ||
| 999 |
_c7720 _d7720 |
||